|
|
|
|
| LEADER |
00000nab a2200000 a 4500 |
| 001 |
vtls009281245 |
| 003 |
SK-MaSNL |
| 005 |
20260303192732.0 |
| 008 |
171110 2008 xo w n 000 0 slo |
| 038 |
|
|
|a SLLK
|
| 040 |
|
|
|a SLLK
|b slo
|c sllk
|e AACR2
|
| 041 |
0 |
|
|a slo
|
| 044 |
|
|
|a xo
|c SK
|
| 080 |
|
|
|a 796.325
|2 1997
|
| 245 |
0 |
0 |
|a Z bojov pod vysokými sieťami
|c [autor] (M.H.)
|
| 610 |
2 |
7 |
|a VKM Stará Ľubovňa
|2 snkbucl
|9 1033757
|
| 648 |
|
7 |
|a 2008
|2 snkbucl
|9 317238
|
| 650 |
0 |
7 |
|a šport
|2 snkbucl
|9 1042
|
| 650 |
0 |
7 |
|a volejbal
|2 snkbucl
|9 3294
|
| 651 |
|
7 |
|a Stará Ľubovňa (Slovensko)
|2 snkbucl
|9 19193
|
| 773 |
0 |
|
|t Ľubovnianske noviny
|g Roč. XXXIV, č. 8 (2008), s. 8
|
| 852 |
|
|
|a SLLK
|b KIS3GCP
|
| 999 |
|
|
|c 2148507
|d 2150437
|